L'un ne va pas sans l'autre - Statistiques

Statistiques générales
  • Ce quiz a été pris 1 601 fois
  • Le résultat moyen est 11 sur 17
Statistiques - réponses
Difficulté Les uns Les autres % Correct
Très Facile Corée du Sud Corée du Nord
100%
Très Facile Le Sud Le Nord
100%
Très Facile X, Y Z
98%
Facile Norvège, Finlande Suède
95%
Facile Luxembourg, Belgique Pays bas
90%
Difficile R,G (ou V) B
85%
Normal XBox Play Station
81%
Assez Difficile Sinus, Cosinus Tangente
71%
Assez Facile Corse, Sicile Sardaigne
69%
Normal Vietnam, Laos Cambodge
68%
Normal Guyane, Guyana Suriname
59%
Assez Difficile Kinshasa Brazzaville
41%
Normal Seine Marne
40%
Très Difficile Pouvoir, Vouloir Savoir
32%
Difficile Bulle, Belle Rebelle
25%
Difficile (+) Pantagruel Gargantua
24%
Très Difficile Fugacité, Inconsistance d’un Je Souffrance
2%
Aucun quiz correspondant
Distribution des résultats
% des personnes avec chaque résultat
Percentile par nombre de réponses
Votre historique - résultats
Vous n’avez pas pris ce quiz